LEADER 01520nas 2200529 450 001 996209586703316 005 20210623213714.0 011 $a1545-4134 035 $a(OCoLC)43008364 035 $a(CKB)954925480578 035 $a(CONSER) 2003215294 035 $a(DE-599)ZDB1474481-8 035 $a(MiAaPQ)41350 035 $a(EXLCZ)99954925480578 100 $a19990527a19789999 sy a 101 0 $aeng 135 $aurczu---auu|| 181 $ctxt$2rdacontent 182 $cc$2rdamedia 183 $acr$2rdacarrier 200 10$aAnnual review of nuclear and particle science$b[electronic resource] 210 1$aPalo Alto, CA :$cAnnual Reviews,$d[1978]- 215 $aonline resource 300 $aRefereed/Peer-reviewed 311 $a0163-8998 606 $aNuclear physics$vPeriodicals 606 $aParticles (Nuclear physics)$vPeriodicals 606 $aNuclear chemistry$vPeriodicals 606 $aNuclear energy$vPeriodicals 606 $aNuclear Energy 606 $aNuclear Physics 606 $aRadiochemistry 608 $aPeriodical. 615 0$aNuclear physics 615 0$aParticles (Nuclear physics) 615 0$aNuclear chemistry 615 0$aNuclear energy 615 2$aNuclear Energy. 615 2$aNuclear Physics. 615 2$aRadiochemistry. 676 $a539.7 801 0$bCaOWtL 801 1$bCaOWtL 906 $aJOURNAL 912 $a996209586703316 996 $aAnnual review of nuclear and particle science$9800849 997 $aUNISA LEADER 01221nas 22003973a 450 001 9910895703903321 005 20260218112740.0 035 $a(CKB)110978978737501 035 $a(CONSER)--2010234880 035 $a(DE-599)ZDB3110908-1 035 $a(DE-599)3110908-1 035 $a(EXLCZ)99110978978737501 100 $a19821007a19339999 --- - 101 0 $ager 200 04$aDie Kunde 210 $aHannover $cNiedersächsische Landesverein für Urgeschichte 215 $a1 online resource 311 08$aPrint version: Die Kunde. 0342-0736 (DLC) 2010234880 (OCoLC)223000902 531 $aKUNDE 531 1 $aKunde 606 $aArchaeology$zGermany$vPeriodicals 606 $aAntiquities$2fast$3(OCoLC)fst00810745 606 $aArchaeology$2fast$3(OCoLC)fst00812938 607 $aGermany$xAntiquities$vPeriodicals 607 $aGermany$2fast 608 $aPeriodicals.$2fast 615 0$aArchaeology 615 7$aAntiquities. 615 7$aArchaeology. 712 02$aNiedersächsische Landesverein für Urgeschichte. 712 02$aLandesmuseum Hannover. 906 $aJOURNAL 912 $a9910895703903321 920 $aexl_impl conversion 996 $aDie Kunde$94259638 997 $aUNINA